| 000 | 00596nam a2200217Ia 4500 | ||
|---|---|---|---|
| 005 | 20260429112255.0 | ||
| 008 | 260429s9999||||xx |||||||||||||| ||und|| | ||
| 020 | _a9781802202649 | ||
| 041 | _aEnglish | ||
| 082 |
_a346.016 _bPRO |
||
| 100 | _aProbert, Rebecca | ||
| 245 | 0 |
_aResearch handbook on marriage, cohabitation and the law / _cRebecca Probert |
|
| 250 | _a1st ed. | ||
| 260 |
_aUnited Kingdom : _bEdward Elgar Publishing, _c2024. |
||
| 300 | _axi, 479 p.; hb | ||
| 650 | _a Cohabitation | ||
| 650 | _a Law | ||
| 650 | _aMarriage | ||
| 700 | _a Thompson, Sharon | ||
| 942 | _cTB | ||
| 999 |
_c53250 _d53250 |
||